كتاب نخبة الفكر في تدبير نيل مصر / (Record no. 8204)
[ view plain ]
| 000 -الفاتح | |
|---|---|
| حقل البيانات ثابتة الطول | 01699nac a22003491i 4500 |
| 003 - محدد رقم الضبط | |
| رقم الضبط | EG-ScBUE |
| 005 - وقت وتاريخ اخر تعامل مع التسجيلة | |
| رقم الضبط | 20240103125349.0 |
| 008 - عناصر البيانات ثابتة الطول - معلومات عامة | |
| حقل البيانات ثابتة الطول | 120904s2006 ua a f b 001 0 ara d |
| 017 ## - رقم الإيداع القانونى | |
| رقم الإيداع القانونى | 2006 / 3476 |
| 020 ## - الرقم الدولى المعيارى للكتب | |
| الرقم الدولى المعيارى للكتاب | 9771804367 |
| 040 ## - مصدر الفهرسة | |
| وكالة الفهرسة الأصلية | EG-ScBUE |
| لغة الفهرسة | ara |
| قواعد الوصف | rda |
| وكالة النسخ | EG-ScBUE |
| وكالة التعديل | EG-ScBUE |
| 043 ## - رمز المنطقة الجغرافية | |
| رمز المنطقة الجغرافية | f-ua--- |
| 082 04 - رقم تصنيف ديوى العشرى | |
| رقم التصنيف | 962 |
| رقم المادة | ع ل ي |
| رقم الطبعة | 22 |
| 100 0# - المدخل الرئيسى - إسم شخصى | |
| الإسم الشخصى | علي مبارك، |
| العنوان والكلمات الأخرى المصاحبة للاسم | باشا، |
| التواريخ المصاحبة للاسم | 1239-1311 هـ.، |
| الدور | مؤلف. |
| 245 10 - بيان العنوان | |
| العنوان | كتاب نخبة الفكر في تدبير نيل مصر / |
| بيان المسئوليه,etc | تأليف الأمير الجليل سعادة علي مبارك باشا ناظر الأشغال العمومية ؛ دراسة وتحقيق د. لطيفة محمد سالم، د. حسام محمد عبد المعطي، حنان محمود عزوز ؛ تقديم د. يونان لبيب رزق. |
| 246 30 - العنوان الموازى | |
| عنوان صحيح/عنوان مختصر | نخبة الفكر في تدبير نيل مصر |
| 264 #1 - النشر، التوزيع | |
| مكان الناشر او الموزع | القاهرة : |
| اسم الناشر او الموزع | دار الكتب والوثائق القومية، |
| تاريخ النشر أو التوزيع | 2006. |
| 300 ## - الوصف المادى | |
| التعداد | 502 صفحة : |
| تفاصيل ماديه اخرى للوعاء | إيضاحيات ؛ |
| أبعاد الوعاء | 32 سم |
| 336 ## - نوع المحتوى | |
| source | rdacontent |
| Carrier Type Term | نص |
| Content Type Code | txt |
| 337 ## - نوع الوسيط | |
| Media Type Term | بدون وسيط |
| source | rdamedia |
| Media Type Code | n |
| 338 ## - نوع الحامل أو الناقل | |
| Carrier Type Term | مجلد |
| Carrier Type Code | nc |
| source | rdacarrier |
| 504 ## - تبصرة ببليوجرافية | |
| تبصرة ببليوجرافية,الخ | يشتمل على إرجاعات ببليوجرافية وكشافات. |
| 650 #7 - المدخل الاضافى بالموضوع-مصطلح موضوعى | |
| مصطلح موضوعي أو اسم جغرافي كعنصر مدخل | نهر النيل. |
| مصدر الرأس أو المصطلح | BUEsh |
| 9 (RLIN) | 23856 |
| 650 #7 - المدخل الاضافى بالموضوع-مصطلح موضوعى | |
| مصطلح موضوعي أو اسم جغرافي كعنصر مدخل | الزراعة |
| التقسيم الفرعي الجغرافي | مصر. |
| مصدر الرأس أو المصطلح | BUEsh |
| 9 (RLIN) | 22117 |
| 651 #7 - المدخل الاضافى بالموضوع - اسم جغرافى | |
| 9 (RLIN) | 22394 |
| الاسم الجغرافي | مصر |
| التقسيم الفرعي العام | تاريخ. |
| مصدر الرأس أو المصطلح | BUEsh |
| 655 ## - مصطلح تكشيفى-نوع/شكل | |
| التقسيم الفرعي الشكلي | Reading book |
| 700 1# - المدخل الاضافى - اسم شخصى | |
| الإسم الشخصى | سالم، لطيفة محمد، |
| التواريخ المصاحبة للاسم | 1942- |
| الدور | محقق. |
| 700 1# - المدخل الاضافى - اسم شخصى | |
| الإسم الشخصى | عبد المعطي، حسام محمد، |
| الدور | محقق. |
| 700 1# - المدخل الاضافى - اسم شخصى | |
| الإسم الشخصى | عزوز، حنان محمود، |
| الدور | محقق. |
| 700 1# - المدخل الاضافى - اسم شخصى | |
| الإسم الشخصى | رزق، يونان لبيب، |
| التواريخ المصاحبة للاسم | 1933-2008، |
| الدور | مقدم. |
| 942 ## - عناصر المدخل الإضافي( كوها) | |
| Koha [default] item type | Book - Borrowing |
| مصدر التصنيف او مخطط الترفيف | Dewey Decimal Classification |
| حالة التراجع | حالة الفقد | مصدر التصنيف او خطة الترفيف | حالة تلف | ليس للاعارة | مجموعات كوها | المكان الدائم | المكان الحالي | موقع الترفيف | تاريخ الاكتساب | Source of acquisition | رقم الاستدعاء | الباركود | Date last seen | التكلفة | نوع الوعاء |
|---|---|---|---|---|---|---|---|---|---|---|---|---|---|---|---|
| Dewey Decimal Classification | دار الكتب و الوثائق القومية | Central Library | Central Library | Second Floor | 28/02/2008 | Purchase | 962 ع ل ي | 000010088 | 15/07/2025 | 27.50 | Book - Borrowing |